The International Islamic University Malaysia : celebrating 20 years serving the ummah (1983-2003).

Corporate Author: Universiti Islam Antarabangsa Malaysia
Published: Gombak, Selangor: International Islamic University Malaysia, 2003.
Subjects:
LEADER 00623cam a2200145 7i4500
001 0000053440
005 20070125090000.0
090 0 0 |a LG 173.1   |b I5 
245 0 0 |a The International Islamic University Malaysia :   |b celebrating 20 years serving the ummah (1983-2003). 
260 # # |a Gombak, Selangor:   |b International Islamic University Malaysia,   |c 2003. 
300 # # |a 48 p.:   |b ill. (some col.);   |c 25 cm.. 
650 0 0 |a Universities and colleges --   |x History --   |z Malaysia  
651 0 0 |a Universiti Islam Antarabangsa Malaysia --   |x History  
710 2 1 |a Universiti Islam Antarabangsa Malaysia  
999 |a 1100038833  |b Book  |c Open Shelf  |e KOLEKSI TERBUKA